| 000 | 00882cam a22001814a 4500 | ||
|---|---|---|---|
| 005 | 20250605163347.0 | ||
| 008 | 250528s ||||||||||||||||||||||||d | ||
| 035 | _a17580 | ||
| 020 | _a9781412916554 | ||
| 040 |
_aGR-AtMCL _bgre _dGR-AtMCL _eAACR2 |
||
| 245 | 1 | _aIntroduction to Leadership / Concepts and Practice | |
| 260 |
_bNorthouse Peter G _bSage, _c2009 |
||
| 300 | _a208 | ||
| 520 | _aThis book focuses on providing readers with practical strategies for becoming better leaders. Preface, About the Author, Being a Leader, Recognizing Your Traits, Recognizing Your Philosophy and Style of Leadership, Attending to Tasks and Relationships, Developing Leadership Skills, Creating a Vision, Setting the Tone, Listening to Out-Group Members, Overcoming Obstacles, Addressing Ethics in Leadership, Index, Questionnaires. | ||
| 942 | _cBK | ||
| 999 |
_c2984 _d2984 |
||